Representing the other: (Record no. 152569)

MARC details
000 -LEADER
fixed length control field 00631nam a22001937a 4500
005 - DATE AND TIME OF LATEST TRANSACTION
control field 20180606145738.0
010 ## - LCCN (DPL NO)
LC control number ENG-123158
020 ## - INTERNATIONAL STANDARD BOOK NUMBER
International Standard Book Number 9789386552075
Terms of availability 995.00
035 ## - SYSTEM CONTROL NUMBER
System control number EN-106690
037 ## - SOURCE OF ACQUISITION
Source of stock number/acquisition DBAD/PUB
082 ## - DEWEY DECIMAL CLASSIFICATION NUMBER
Classification number 954.00882971
100 ## - MAIN ENTRY--PERSONAL NAME
Personal name Chattopadhyaya,Brajadulal
245 ## - TITLE STATEMENT
Title Representing the other:
Statement of responsibility, etc by Brajadulal Chattopadhyaya
Remainder of title sanskrit sources and the msulims /
260 ## - PUBLICATION, DISTRIBUTION, ETC. (IMPRINT)
Place of publication, distribution, etc Delhi
Name of publisher, distributor, etc Primus Books
Date of publication, distribution, etc 2017
270 ## - ADDRESS
Address Virat Bhavan,Mukherjee Nagar,Commercial Complex,
City Delhi
Postal code 110009
300 ## - PHYSICAL DESCRIPTION
Extent 94p.
Dimensions 22cm(Hb)
500 ## - GENERAL NOTE
General note It includes index
942 ## - ADDED ENTRY ELEMENTS (KOHA)
Source of classification or shelving scheme Dewey Decimal Classification
Item type English Books
Call number suffix CHA
Classification part 954.00882971
Holdings
Withdrawn status Lost status Not for loan Collection code Home library Current library Date acquired Source of acquisition Cost, normal purchase price Full call number Barcode Copy number Cost, replacement price Koha item type
    Not For Loan Non-fiction D.B.Act.Division Sarojini Nagar 06/06/2018 DBAD/PUB 995.00 954.00882971 CHA EN-106690 1 995.00 English Books

© Delhi Public Library
Hit Counter
free hit counter